Vista normal Vista MARC

Entrada Materia (geográfica)

Número de registros utilizados en: 1

001 - CONTROL NUMBER

  • control field: 61052

003 - CONTROL NUMBER IDENTIFIER

  • control field: Co-BoUCM

005 - DATE AND TIME OF LATEST TRANSACTION

  • control field: 20140514145845.0

008 - FIXED-LENGTH DATA ELEMENTS

  • fixed length control field: 140514|| aca||aabn | a|a d

040 ## - CATALOGING SOURCE

  • Original cataloging agency: Co-BoUCM
  • Transcribing agency: Co-BoUCM

151 ## - HEADING--GEOGRAPHIC NAME

  • Geographic name: Kenia
  • General subdivision: Independencia

670 ## - SOURCE DATA FOUND

  • Source citation: Work cat.: (Co-BoUCM)242357: Klose, Fabian 61051, Human rights in the shadow of colonial violence, 2013